<?xml version="1.0" encoding="UTF-8"?><collection xmlns="info:lc/xmlns/marcxchange-v2"><record format="Unimarc" type="bibliographic"><leader>00632nam  2200217   450 </leader><controlfield tag="001">2581535</controlfield><controlfield tag="003">http://id.bnportugal.gov.pt/bib/porbase/2581535</controlfield><datafield ind1=" " ind2=" " tag="010"><subfield code="a">0-14-071026-4</subfield></datafield><datafield ind1=" " ind2=" " tag="035"><subfield code="a">(bn)1852258</subfield></datafield><datafield ind1=" " ind2=" " tag="100"><subfield code="a">20131008d1991    m  y0pory01030103ba</subfield></datafield><datafield ind1="0" ind2=" " tag="101"><subfield code="a">eng</subfield></datafield><datafield ind1=" " ind2=" " tag="102"><subfield code="a">GB</subfield></datafield><datafield ind1=" " ind2=" " tag="106"><subfield code="a">r</subfield></datafield><datafield ind1="1" ind2=" " tag="200"><subfield code="a">Wiltshire</subfield></datafield><datafield ind1=" " ind2="9" tag="210"><subfield code="a">London</subfield><subfield code="c">Penguin Books</subfield><subfield code="d">1991</subfield></datafield><datafield ind1=" " ind2=" " tag="215"><subfield code="a">661, [3] p., [68] p. il.</subfield></datafield><datafield ind1=" " ind2=" " tag="675"><subfield code="a">721(=1:410)(091)(036)</subfield><subfield code="v">BN</subfield><subfield code="z">por</subfield><subfield code="3">2030620</subfield></datafield><datafield ind1=" " ind2="1" tag="700"><subfield code="a">Prevsner</subfield><subfield code="b">Nikolaus</subfield><subfield code="f">1902-1983</subfield><subfield code="3">1975960</subfield></datafield><datafield ind1=" " ind2="1" tag="702"><subfield code="a">Cherry</subfield><subfield code="b">Bridget</subfield><subfield code="f">1941-</subfield><subfield code="4">675</subfield><subfield code="3">2057663</subfield></datafield><datafield ind1=" " ind2="0" tag="801"><subfield code="a">PT</subfield><subfield code="b">BN</subfield><subfield code="g">RPC</subfield></datafield><datafield ind1=" " ind2=" " tag="966"><subfield code="l">BN</subfield><subfield code="m">FGMON</subfield><subfield code="p">Biblioteca Alberto de Lacerda</subfield><subfield code="s">B.A. 10175 P.</subfield><subfield code="x">3</subfield></datafield><datafield ind1=" " ind2=" " tag="997"><subfield code="a">BIBEOD</subfield></datafield></record></collection>